000 00743nam a22002417a 4500
003 UA-OsUOA
001 77165
007 ta
008 20110901b un ||||| |||| 00| 0 ukr d
100 _aПалий В.В.
090 _a343.54
_bП14
942 _cBK
040 _aUA-OsUOA
_brus
_cUA-OsUOA
_dUA-OsUOA
245 _aПреступления против семьи и несовершеннолетних
_bучеб. пособие
300 _a194 с.
955 _a2
041 _arus
080 _a343.54
020 _a978-5-8311-0434-9
260 _aВладимир
_bИзд-во Владим. гос. ун-та
_c2009
650 7 _a343 Кримінальне право. Карні порушення
_2UDC
999 _c363472
_d363472